Fruits and other poems / (Запис № 499439)

МАРК-запис
000 -LEADER
fixed length control field 01379cam a2200337Ia 4500
001 - CONTROL NUMBER
control field fruitsotherpoems00moet
003 - CONTROL NUMBER IDENTIFIER
control field CaSfIA
005 - DATE AND TIME OF LATEST TRANSACTION
control field 20210118084912.0
007 - PHYSICAL DESCRIPTION FIXED FIELD--GENERAL INFORMATION
fixed length control field cr||||
008 - FIXED-LENGTH DATA ELEMENTS--GENERAL INFORMATION
fixed length control field 931126s1992 rh 000 0 eng d
010 ## - LIBRARY OF CONGRESS CONTROL NUMBER
LC control number 93982137
040 ## - CATALOGING SOURCE
Original cataloging agency BRL
Transcribing agency BRL
Modifying agency DLC
-- BTCTA
-- DEBBG
-- CaSfIA
020 ## - INTERNATIONAL STANDARD BOOK NUMBER
International Standard Book Number 1779010338
020 ## - INTERNATIONAL STANDARD BOOK NUMBER
International Standard Book Number 9781779010339
035 ## - SYSTEM CONTROL NUMBER
System control number (OCoLC)29391747
050 #4 - LIBRARY OF CONGRESS CALL NUMBER
Classification number PR9390.9.M64
Item number F78 1992x
084 ## - OTHER CLASSIFICATION NUMBER
Classification number HP 9999 M694
Source of number rvk
029 1# - (OCLC)
OCLC library identifier NLGGC
System control number 111206480
029 1# - (OCLC)
OCLC library identifier HEBIS
System control number 028043758
029 1# - (OCLC)
OCLC library identifier DEBBG
System control number BV013296713
100 1# - MAIN ENTRY--PERSONAL NAME
Personal name Moetsabi, Titus.
245 10 - TITLE STATEMENT
Title Fruits and other poems /
Medium [electronic resource]
Statement of responsibility, etc by Titus Moetsabi.
260 ## - PUBLICATION, DISTRIBUTION, ETC. (IMPRINT)
Place of publication, distribution, etc Harare, Zimbabwe :
Name of publisher, distributor, etc Zimbabwe Pub. House,
Date of publication, distribution, etc 1992.
300 ## - PHYSICAL DESCRIPTION
Extent 86 p. ;
Dimensions 21 cm.
440 #0 - SERIES STATEMENT/ADDED ENTRY--TITLE
Title ZPH writers series ;
Volume number/sequential designation 42
506 ## - RESTRICTIONS ON ACCESS NOTE
Standardized terminology for access restriction Необхідна авторизація на https://archive.org/ (створення облікового запису безкоштовно)
506 ## - RESTRICTIONS ON ACCESS NOTE
Standardized terminology for access restriction Необхідна авторизація на https://openlibrary.org/ (створення облікового запису безкоштовно)
856 41 - ELECTRONIC LOCATION AND ACCESS
Uniform Resource Identifier <a href="http://www.archive.org/details/fruitsotherpoems00moet">http://www.archive.org/details/fruitsotherpoems00moet</a>
Public note Free eBook from the Internet Archive
856 42 - ELECTRONIC LOCATION AND ACCESS
Uniform Resource Identifier <a href="http://www.openlibrary.org/books/OL1075771M">http://www.openlibrary.org/books/OL1075771M</a>
Public note Additional information and access via Open Library
942 ## - ADDED ENTRY ELEMENTS (KOHA)
Koha item type ЕКнига

Немає доступних примірників.